|
|
|
|
| LEADER |
00958cam a2200241 7i4500 |
| 001 |
0000077586 |
| 005 |
20230509090000.0 |
| 020 |
|
|
|a 9832085128 (paperback)
|
| 090 |
0 |
0 |
|a PL5131.2
|b .M64 2001
|
| 245 |
0 |
0 |
|a Media warisan Malaysia :
|b komunikasi melalui puisi dan gendang
|c diselenggarakan oleh Abdul Latiff Abu Bakar, Mohd Nefi Imran.
|
| 264 |
|
|
|a Kuala Lumpur:
|b Jabatan Pengajian Media, Universiti Malaya,
|c 2001.
|
| 300 |
|
|
|a vii, 256 pages;
|c 26 cm.
|
| 336 |
|
|
|a text
|2 rdacontent
|
| 337 |
|
|
|a unmediated
|2 rdamedia
|
| 338 |
|
|
|a volume
|2 rdacarrier
|
| 500 |
|
|
|a Gift: Prof. Dr. Md Sidin bin Ahmad Ishak
|
| 650 |
|
0 |
|a Drum --
|x History and criticism --
|z Malaysia
|
| 650 |
|
0 |
|a Mass media and culture --
|z Malaysia
|
| 650 |
|
0 |
|a Malay poetry --
|x History and criticism
|
| 651 |
|
0 |
|a Malaysia --
|x Social life and customs
|
| 700 |
0 |
|
|a Abdul Latiff Abu Bakar
|
| 700 |
0 |
|
|a Mohd Nefi Imran
|
| 999 |
|
|
|a 0000071114
|b BOK
|c OPEN SHELF
|e 1st Floor, Bestari Jaya
|